000 00287nam a2200109Ia 4500
008 200302s9999 xx 000 0 und d
100 _aAveril Bedrich
245 _aHedges Creating Screens and Edges
260 _bGuild of Master Craftsman Publications
260 _c2001
300 _a148 P.,
999 _c4109
_d4109